Word Ladder: May 8th in Missouri Quiz Stats

 Plays Quiz Updated May 8, 2017

Support Sporcle.
Go Orange.
Score 0/12 Timer 01:30
0 Plays Today
Hint 3-Letter Word % Correct
Darken your skin in the sunshineTAN
98.4%
Grown up boyMAN
97.6%
Lower limbLEG
96.4%
Attorney-at-___LAW
96.1%
One-seventh of a weekDAY
95.9%
Fall behindLAG
94.6%
Hawaiian garlandLEI
90.7%
The mouth, jaws, or throat of an animalMAW
90.6%
Susan who played a PartridgeDEY
81.9%
Agnus ___: Lamb of GodDEI
80.7%
Nineteenth letter of the Greek alphabetTAU
68.3%
Play about CapoteTRU
53.1%

Today's Daily Dose

You're not logged in!

Compare scores with friends on all Sporcle quizzes.
OR
Log In
Forgot?

From the Vault

Not Like the Others: Movies

by MRL

One of these things is not like the others. It's up to you to figure out what's what.
Remove Ads.
Support Sporcle.
Get the best of Sporcle when you Go Orange. This ad-free experience offers more features, more stats, and more fun while also helping to support Sporcle. Thank you for becoming a member.

Show Comments

Extras

Top Quizzes Today


Score Distribution

Your Account Isn't Verified!

In order to create a playlist on Sporcle, you need to verify the email address you used during registration. Go to your Sporcle Settings to finish the process.

Report this User

Report this user for behavior that violates our Community Guidelines.

Details: